00337nam a2200133Ia 4500008004100000020001500041041001200056082001600068100001400084245005800098260002500156300000800181650001400189221030s9999 xx 000 0 und d a0074632914 aEnglish a105.23bNag aP. K. Nag 0aPower Plant Engineering Steam & Nuclearcby P. K. Nag bTMHaNew Delhic1998 a664 aChemistry